000 00408nam a2200133Ia 4500
005 20260328101521.0
008 260328s9999||||xx |||||||||||||| ||und||
100 _aBustos, Claudia
245 0 _aRecuperación de 200 barrios :
_b Hacia la Construcción de Tipologías /
_cClaudia Bustos
260 _bMinisterio de Vivienda y Urbanismo
300 _a92 p.
650 _aVIVIENDA DE INTERÉS SOCIAL
942 _cBK
999 _c9592
_d9592